Tablice rejestracyjne w województwie małopolskim - Statystyki

Ogólne statystyki
  • Ten quiz został rozwiązany 64 razy
  • Średni wynik to 16 z 22
Statystyki odpowiedzi
Co oznacza Tablica % Poprawnych
Kraków KR | KK
98%
Nowy Sącz KN
95%
Tarnów KT
91%
powiat krakowski KRA
78%
powiat tarnowski KTA
76%
powiat wadowicki KWA
76%
powiat wielicki KWI
76%
powiat gorlicki KGR
73%
powiat olkuski KOL
73%
powiat oświęcimski KOS
73%
powiat bocheński KBC
71%
powiat limanowski KLI
71%
powiat miechowski KMI
69%
powiat nowotarski KNT
69%
powiat brzeski KBR
67%
powiat chrzanowski KCH
65%
powiat myślenicki KMY
65%
powiat suski KSU
64%
powiat proszowicki KPR
62%
powiat tatrzański KTT
60%
powiat dąbrowski KDA
56%
powiat nowosądecki KNA
27%
Nie znaleziono quizów pasujących do podanych kryteriów
Rozkład punktacji
Procent ludzi z każdym wynikiem
Percentyl według liczby udzielonych odpowiedzi
Twoja historia wyników
Nie rozwiązałeś tego quizu